000 01179nam a2200313 i 4500
001 000014571
003 DO-SdBNP
005 20240902100449.0
007 ta
008 100115s2007 dr a 000 0 spa d
020 _a9789945160949
040 _aDO-SdBNP
_bspa
_cBNPHU
_erda
082 _a972.9304
_bT235d
_222
100 1 _aTejada, Adriano Miguel,
_d1948-2020
_98560
_eautor
_4aut.
245 1 0 _aDiario de la independencia /
_cAdriano Miguel Tejada.
250 _atercera edición
264 _aSanto Domingo :
_bComisión Permanente de Efemérides Patrias (CPEP),
_c2007.
300 _a352 páginas :
_bilustraciones ;
_c23 cm.
336 _atexto
_btxt
_2rdacontent
337 _asin mediación
_bn
_2rdamedia
338 _avolumen
_bnc
_2rdacarrier
490 _aSesquicentenario de la Independencia Nacional 1944
490 _aPúblicaciones de la comisión de Efemérides Patrias
_v16
500 _aIncluye datos biográficos del autor en las solapas
590 _aInventariado, 2024/BT
651 4 _aRepública Dominicana
_xHistoria
_y1844-1861
_xCronología
_932993
830 0 _aPúblicaciones de la comisión de Efemérides Patrias
_v16
_932995
942 _2ddc
_cLBS1
999 _c14158
_d14158